| 000 | 00441nam a2200169Ia 4500 | ||
|---|---|---|---|
| 008 | 240729s9999 xx 000 0 und d | ||
| 022 | _a2150-1211 | ||
| 245 | 0 | _aMycology | |
| 260 | _aUnited Kingdom | ||
| 260 | _bTaylor & Francis Group | ||
| 650 | _a Biology (General) | Science | ||
| 650 | _a Microbiology | ||
| 650 | _aScience | ||
| 856 | _uhttps://doaj.org/toc/321c2582e00f4171995f6a8cb3c002bc | ||
| 942 | _2ddc | ||
| 942 | _cDOAJEJ | ||
| 999 |
_c73177 _d73177 |
||
| 945 |
_a1 _bMadushi Gamage _c1 _dMadushi Gamage |
||